| 000 | 00349nam a2200145Ia 4500 | ||
|---|---|---|---|
| 005 | 20251222141905.0 | ||
| 008 | 251222s9999||||xx |||||||||||||| ||spa|| | ||
| 020 | _a84-256-0085-5 | ||
| 082 | _a155.232/B81/T.1 | ||
| 100 | _aBragance, Jean Louis | ||
| 245 | 0 | _aCómo vencer la timidez | |
| 250 | _a2a.ed. | ||
| 264 | _bIberico Europea | ||
| 942 | _cLIB | ||
| 999 |
_c8188 _d8188 |
||